La comunidad educativa frente al neoliberalismo
Este libro hace un paralelo en la relación del modelo neoliberal que se desarrolla con fuerza desde los 90s en relación con la comunidad educativa en cuanto a sus alcances, influencia y tendencias.
Na minha lista:
| Autor principal: | |
|---|---|
| Outros Autores: | , |
| Formato: | Livro |
| Idioma: | Spanish |
| Publicado em: |
Manizales:
Centro de Estudios por la Nueva Cultura,
1997
|
| Assuntos: | |
| Acesso em linha: | Enlace del recurso |
| Tags: |
Adicionar Tag
Sem tags, seja o primeiro a adicionar uma tag!
|
MARC
| LEADER | 00000nam a2200000 a 4500 | ||
|---|---|---|---|
| 001 | 001345 | ||
| 008 | 030812s1997 ck # fr# #000|0#spa#d | ||
| 041 | 0 | |a spa | |
| 043 | |a s-ck--- | ||
| 082 | 0 | 4 | |a 379.861 |b P171c |
| 100 | 1 | |a Amézquita Zárate, Pascual | |
| 245 | 1 | 3 | |a La comunidad educativa frente al neoliberalismo |c Pascual Amézquita Zárate; Jorge Contreras Pineda; Miguel Ángel Pardo Romero |
| 260 | |a Manizales: |b Centro de Estudios por la Nueva Cultura, |c 1997 | ||
| 300 | |a 272 p. | ||
| 520 | 3 | |a Este libro hace un paralelo en la relación del modelo neoliberal que se desarrolla con fuerza desde los 90s en relación con la comunidad educativa en cuanto a sus alcances, influencia y tendencias. | |
| 650 | 1 | 4 | |a EDUCACIÓN Y ESTADO |z COLOMBIA |
| 650 | 1 | 4 | |a NEOLIBERALISMO |
| 700 | 1 | |a Contreras Pineda, Jorge | |
| 700 | 1 | |a Pardo Romero, Miguel Ángel | |
| 999 | |c 3497 |d 3497 | ||
| 856 | |u https://catalogo.idep.edu.co/cgi-bin/koha/opac-detail.pl?biblionumber=3497 |z Enlace del recurso | ||